Normal view
MARC view
- Silva Mind Control.
Entry Topical Term
001 - CONTROL NUMBER
- control field: 1770
003 - CONTROL NUMBER IDENTIFIER
- control field: NUST
005 - DATE AND TIME OF LATEST TRANSACTION
- control field: 20170601095359.0
008 - FIXED-LENGTH DATA ELEMENTS
- fixed length control field: 170601|| aca||aabn | a|a d
040 ## - CATALOGING SOURCE
- Original cataloging agency: NUST
- Transcribing agency: NUST
150 ## - HEADING--TOPICAL TERM
- Topical term or geographic name entry element: Silva Mind Control.
670 ## - SOURCE DATA FOUND
- Source citation: Work cat.: (NUST)0: Silva, José, 1914- 1769, The Silva mind control method of mental dynamics /, c1988.
